00534nam a22001577a 450000500170000000800410001702000150005804100120007308200140008510000270009924501290012625000190025526000470027430000300032165000250035120231103070115.0231103b |||||||| |||| 00| 0 eng d a0702135704 aEnglish a346.6 COM aPretorius, JTlEnglish aCompanies Act 61 of 1973 and Close Corporations Act 69 of 1984 :bRegulations, Tables of Cases and Indexes / cJT Pretorius  aThird Edition  aCape Town : bJuta and Company Ltd, c1995 bv, 413 pages ; c25,5 cm. aLegal practice bLaw